|
|
|
|
| LEADER |
00872cam a2200181 a 4500 |
| 001 |
AALConferenceProceedingsResearch4Life(ACM)003338 |
| 008 |
240908c9999 xx r poo 0 0eng d |
| 020 |
|
|
|a 9781450319638
|
| 040 |
|
|
|a BD-DhAAL
|c BD-DhAAL
|
| 245 |
0 |
0 |
|h [electronic resource]
|a Proceedings of the 15th annual conference on Genetic and evolutionary computation
|
| 260 |
|
1 |
|b Association for Computing Machinery (ACM),
|c 7/6/13
|
| 300 |
|
|
|a 1 online resource
|
| 500 |
|
|
|a <strong>On-Campus Access Only (IP based access)</strong>
|
| 506 |
|
|
|a Electronic access restricted to authorized BRAC University faculty, staff and students
|
| 538 |
|
|
|a Mode of access: Internet
|
| 655 |
|
7 |
|a Conference papers and proceedings.
|2 Library of Congress
|
| 700 |
1 |
|
|a Blum
|
| 856 |
4 |
0 |
|z Full text available on Research4Life (ACM)
|u https://login.research4life.org/tacsgr1dl_acm_org/doi/book/10.1145/2463372
|